[Event "Ruhrgebiet Verbandsbezirksliga Gr 1"]
[Site "Ruhrgebiet"]
[Date "2019.02.10"]
[Round "6.8"]
[White "Raddatz, Dieter"]
[Black "Lohmann, Lukas"]
[Result "1/2-1/2"]
[WhiteElo "1604"]
[BlackElo "1482"]
[PlyCount "68"]
[EventDate "2018.09.30"]
[EventType "team-tourn"]
[EventRounds "9"]
[EventCountry "GER"]
[SourceTitle "EXT 2022"]
[Source "ChessBase"]
[SourceDate "2021.10.06"]
[SourceVersion "1"]
[SourceVersionDate "2021.10.06"]
[SourceQuality "1"]
[WhiteTeam "Boenen SV II"]
[BlackTeam "Hamm SG Caissa"]
[WhiteTeamCountry "GER"]
[BlackTeamCountry "GER"]

1. e4 e6 2. d4 d5 3. Nc3 Bb4 4. e5 c5 5. a3 Bxc3+ 6. bxc3 Qa5 7. Bd2 Qa4 8. dxc5 Nc6 9. Nf3 Qe4+ 10. Be3 Nxe5 11. Nxe5 Qxe5 12. Bb5+ Kf8 13. 0-0 f6 14. c4 Ne7 15. cxd5 exd5 16. Bd4 Qg5 17. Re1 Bg4 18. f3 Bh5 19. Qe2 Nf5 20. Be3 Qxe3+ 21. Qxe3 Nxe3 22. Rxe3 Rc8 23. Rae1 Rxc5 24. Be8 d4 25. Re7 Rg8 26. Bxh5 Rxh5 27. Rxb7 Ra5 28. Ree7 Rxa3 29. Rec7 Re3 30. Rxa7 h5 31. Rd7 g5 32. Rf7+ Ke8 33. Rxf6 Rc3 34. Rb6 Rc8 1/2-1/2

[Event "Ruhrgebiet Bezirksliga 17/18"]
[Site "Ruhrgebiet"]
[Date "2017.09.03"]
[Round "1.8"]
[White "Hellwig, Hugo"]
[Black "Raddatz, Dieter"]
[Result "1/2-1/2"]
[WhiteElo "1541"]
[BlackElo "1608"]
[PlyCount "29"]
[EventDate "2017.09.03"]
[EventType "team-tourn"]
[EventRounds "9"]
[EventCountry "GER"]
[SourceTitle "EXT 2022"]
[Source "ChessBase"]
[SourceDate "2021.10.06"]
[SourceVersion "1"]
[SourceVersionDate "2021.10.06"]
[SourceQuality "1"]
[WhiteTeam "Hamm Koenigsspringer II"]
[BlackTeam "Boenen SV II"]
[WhiteTeamCountry "GER"]
[BlackTeamCountry "GER"]

1. e4 c5 2. Nc3 d6 3. g3 Nc6 4. Bg2 e5 5. d3 Nf6 6. f4 a6 7. h3 Bd7 8. Nge2 b5 9. a3 Rb8 10. b3 Qc8 11. Be3 a5 12. Nd5 b4 13. Nxf6+ gxf6 14. f5 h5 15. a4 1/2-1/2